| 000 | 01289nab a2200217 i 4500 | ||
|---|---|---|---|
| 001 | 768714001 | ||
| 003 | CO-MdFUSB | ||
| 005 | 20230607124138.0 | ||
| 008 | 220921s2014 us ||||| |||| 00| 0 eng d | ||
| 022 | _a16698649 | ||
| 040 |
_bspa _cCO-MdFUSB _dCO-MdFUSB _aCO-MdFUSB |
||
| 041 | _aeng | ||
| 100 |
_aFebus-Paris, José Raúl, _eautor |
||
| 245 | 2 |
_aA pentecostal paradigm for emerging generations _c/ José Raúl Febus-Paris |
|
| 300 |
_aVolumen 9, número 1 (2014), páginas 115-126 _c; 20 cm |
||
| 520 | _aEn este artículo José Raúl Febus-Paris, líder de Iglesia de Dios, lanza un claro llamado a la iglesia para que esta sea más intencional en entrenar a la generación emergente. Raúl analiza las características de esta generación, incluyendo los difíciles e interrelacionados desafíos que suponen la violencia, la cultura juvenil y las estructuras eclesiales. Pero también resalta la armonía que puede existir entre su afinidad con el mundo contemporáneo y su participación en la misión de la iglesia. | ||
| 546 | _aTexto en Inglés | ||
| 650 | 7 |
_9931 _aMisioneros |
|
| 773 | 0 |
_049416 _981282 _d Santiago de Chile _oR1730 _tJournal of Latin American Theology : _w(CO-MdFUSB)118 _x1669-8949 _gVolumen 9, número 1 (2014), páginas 115-126 _qpágina 115 |
|
| 942 | _cANA | ||
| 999 |
_c68188 _d68188 |
||